Т. 5. Кавалеры ордена Ленина: [очерк]; Пермская Лениниана

Dettagli Bibliografici
Parent link:Пермская Лениниана: библиотечка в шести томах/ под ред. Б. Грина. Т. 5. Кавалеры ордена Ленина.— [3-е изд.].— , 1981
Autore principale: Грин Б.
Riassunto:На тит. л. и обл. авт. не указан.
Документальный очерк о людях, творческим трудом прославивших Прикамье и удостоенных высшей награды Родины.
Lingua:russo
Pubblicazione: 1981
Soggetti:
Natura: Libro
KOHA link:https://koha.lib.tpu.ru/cgi-bin/koha/opac-detail.pl?biblionumber=224242

MARC

LEADER 00000nam2a2200000 4500
001 224242
005 20260425071717.0
035 |a (RuTPU)RU\TPU\book\244534 
035 |a RU\TPU\book\244520 
090 |a 224242 
100 |a 20121023d1981 m y0rusy50 ca 
101 0 |a rus 
102 |a RU 
105 |a y z 001cd 
200 0 |a Т. 5. Кавалеры ордена Ленина  |e [очерк]  |f Б. Грин 
210 |d 1981 
215 |a 97 с.  |d 10 см. 
300 |a На тит. л. и обл. авт. не указан. 
320 |a Примечания: с. 97. 
330 |a Документальный очерк о людях, творческим трудом прославивших Прикамье и удостоенных высшей награды Родины. 
461 1 |0 (RuTPU)RU\TPU\book\244492  |t Пермская Лениниана  |o библиотечка в шести томах  |f под ред. Б. Грина  |v Т. 5. Кавалеры ордена Ленина  |e [3-е изд.]  |d 1981 
606 |7 ca  |8 rus  |a Ленин В. И.  |x Жизнь и деятельность  |9 89215 
606 |a Пермская область  |x История  |9 89252 
610 1 |a лениниана 
610 1 |a персоналии 
610 1 |a Прикамье 
610 1 |a миниатюрные издания 
686 |a Т3(2)6-8Ленин35  |2 rubbk 
686 |a Т3(235.55)  |2 rubbk 
700 1 |a Грин  |b Б. 
801 1 |a RU  |b 63413507  |c 20121022 
801 2 |a RU  |b 63413507  |c 20121023  |g RCR 
942 |c BK